Managing and Resolving Workplace Conflict (Record no. 60128)

MARC details
000 -LEADER
fixed length control field 01172nam a22003257a 4500
005 - DATE AND TIME OF LATEST TRANSACTION
control field 20260203144512.0
008 - FIXED-LENGTH DATA ELEMENTS--GENERAL INFORMATION
fixed length control field 260203b |||||||| |||| 00| 0 eng d
020 ## - INTERNATIONAL STANDARD BOOK NUMBER
International Standard Book Number 978-1-78635-059-6
050 ## - LIBRARY OF CONGRESS CALL NUMBER
Classification number HD42
Item number .M36 2016
245 ## - TITLE STATEMENT
Title Managing and Resolving Workplace Conflict
250 ## - EDITION STATEMENT
Edition statement First edition
260 ## - PUBLICATION, DISTRIBUTION, ETC. (IMPRINT)
Place of publication, distribution, etc Bingley, UK
Name of publisher, distributor, etc Emerald Group Publishing Limited
Date of publication, distribution, etc 2016
300 ## - PHYSICAL DESCRIPTION
Extent ix, 246 p.;
Dimensions 24 cm.
440 ## - SERIES STATEMENT/ADDED ENTRY--TITLE
Title Advances in Industrial and Labor Relations Volume 22
650 ## - SUBJECT ADDED ENTRY--TOPICAL TERM
Topical term or geographic name as entry element Conflict management
650 ## - SUBJECT ADDED ENTRY--TOPICAL TERM
Topical term or geographic name as entry element Conflict resolution
650 ## - SUBJECT ADDED ENTRY--TOPICAL TERM
Topical term or geographic name as entry element Workplace conflict
650 ## - SUBJECT ADDED ENTRY--TOPICAL TERM
Topical term or geographic name as entry element Industrial relations
650 ## - SUBJECT ADDED ENTRY--TOPICAL TERM
Topical term or geographic name as entry element Organizational behavior
650 ## - SUBJECT ADDED ENTRY--TOPICAL TERM
Topical term or geographic name as entry element Interpersonal relations in the workplace
650 ## - SUBJECT ADDED ENTRY--TOPICAL TERM
Topical term or geographic name as entry element Human resource management
General subdivision Employee relations
650 ## - SUBJECT ADDED ENTRY--TOPICAL TERM
Topical term or geographic name as entry element Mediation in employment disputes
650 ## - SUBJECT ADDED ENTRY--TOPICAL TERM
Topical term or geographic name as entry element Communication in organizations
650 ## - SUBJECT ADDED ENTRY--TOPICAL TERM
Topical term or geographic name as entry element Leadership and conflict resolution
700 ## - ADDED ENTRY--PERSONAL NAME
Personal name Lipsky, David B.
Relator term Editor
700 ## - ADDED ENTRY--PERSONAL NAME
Personal name Avgar, Ariel C.
Relator term Editor
700 ## - ADDED ENTRY--PERSONAL NAME
Personal name Lamare, J. Ryan
Relator term Editor
856 ## - ELECTRONIC LOCATION AND ACCESS
Uniform Resource Identifier https://www.emerald.com/books/edited-volume/13499/Managing-and-Resolving-Workplace-Conflict
942 ## - ADDED ENTRY ELEMENTS (KOHA)
Source of classification or shelving scheme Library of Congress Classification
Item type E-book
Holdings
Withdrawn status Lost status Source of classification or shelving scheme Damaged status Not for loan Home library Current library Date acquired Total Checkouts Full call number Date last seen Uniform Resource Identifier Price effective from Koha item type
    Library of Congress Classification   Not For Loan Nairobi Campus Nairobi Campus 03/02/2026   HD42 .M36 2016 03/02/2026 https://www.emerald.com/books/edited-volume/13499/Managing-and-Resolving-Workplace-Conflict 03/02/2026 E-book